Responses for show #3625 - Friday, May 12, 2000

2000 Tournament of Champions quarterfinal game 5.
From the Atlanta Civic Center.

Contestants

Carolyn Cracraft, a college senior from Chicago, Illinois

Darlene Lieblich, a television executive from Van Nuys, California

Terry Currin, a systems analyst and pharmacist from White Lake, Michigan

Jeopardy! Round responses

EARLS
NAME THE PLAYWRIGHT
FANDEMONIUM
FORTUNE 500 COMPANIES
THE ABCs OF THE CDC
(Alex: The Centers for Disease Control)
ATALANTA
    $100 1
Communist Party

Terry
    $100 4
Henrik Ibsen

Carolyn
    $100 16
Grateful Dead

Carolyn
    $100 21
Johnson & Johnson

Carolyn
    $100 8
Prevention

Terry
    $100 26
Peloponnesus

Triple Stumper
    $200 2
Earl Scheib

Darlene
    $200 5
Tennessee Williams

Darlene
    $200 17
Los Angeles Lakers

Terry
    $200 22
The Gap

Carolyn
    $200 9
Skin cancer

Terry
    $200 27
Bear

Carolyn
    $300 3
James Earl Jones

Carolyn
    $300 12
Wendy Wasserstein

Terry
    $300 18
Kite flying

Terry
    $800 23
Texas Instruments

Carolyn
    $300 10
Malaria

Terry
    $300 28
Footrace

Carolyn
    $400 6
Earl Warren

Terry
    $400 14
Eugene Ionesco

Triple Stumper
    $400 19
Washington Redskins

Terry
    $400 24
Berkshire Hathaway

Triple Stumper
    $400 11
AIDS

Carolyn
    $400 29
Boar

Darlene
    $500 7
Earl Scruggs

Terry
    $500 15
T.S. Eliot

Carolyn
    $500 20
Manchester United

Triple Stumper
    $500 25
CIGNA

Triple Stumper
    $500 13
(T: What is HEW?)

Health & Human Services

Terry
Triple Stumper
    $500 30
(C: Who is Diana?)
(D: Who is Athena?)

Artemis

DarleneCarolyn
Triple Stumper

Scores at the first commercial break (after clue 15):

Terry Darlene Carolyn
$1,400 $400 $1,300

Scores at the end of the Jeopardy! Round:

Terry Darlene Carolyn
$2,300 $300 $2,500

Double Jeopardy! Round responses

EARLS
20th CENTURY WOMEN
THE LAW
BALLET
QUOTATIONS
GEORGIA FACTS
    $200 7
Magna Carta

Carolyn
    $200 26
(T: Who is Annie Oakley?)

Dale Evans

Terry
Triple Stumper
    $200 8
Polygamy/bigamy

Carolyn
    $200 1
(D: Who is Neril?)

Salvador Dali

TerryDarlene
    $200 17
Paul McCartney

Carolyn
    $200 2
Eli Whitney

Darlene
    $400 22
(C: What is the Council of Bath?)

Privy Council

TerryCarolyn
    $400 27
Fiona Apple

Carolyn
    $400 9
Probate

Terry
    $400 3
Anastasia

Darlene
    $400 18
Jerusalem

Terry
    $400 13
Billy Carter

Darlene
    $600 23
First Folio

Triple Stumper
    $600 28
Pauline Kael

Darlene
    $600 10
Amnesty

Terry
    $600 4
American Ballet Theatre

Darlene
    $600 19
(D: Who is De Mille?)
(C: Who is W.C. Fields?)

Samuel Goldwyn

DarleneCarolyn
Triple Stumper
    $600 14
James Oglethorpe

Terry
    $800 24
Cornwallis

Triple Stumper
    $800 30
Banana

Carolyn
    $600 11
John Adams

Terry
    $800 5
Rodeo

Triple Stumper
    $800 20
Rosa Parks

Terry
    $800 15
"The Empire State of the South"

Terry
    $1000 25
Sudan

Carolyn
    $1,500 29
(D: I do not know.)
(Alex: Take a guess?)
(D: Do not know.)

Sister Wendy

Darlene
    $1000 12
John Sirica

Terry
    $1000 6
Edward Elgar

Darlene
    $1000 21
(Charles) Gridley

Terry
    $1000 16
Tuskegee Airmen

Terry

Scores at the end of the Double Jeopardy! Round:

Terry Darlene Carolyn
$9,900 $1,200 $4,300
(lock game)

Final Jeopardy! Round responses

WORLD LANDMARKS
[The four wildcard slots go to Steve Fried, Jeremy Bate, Robin Carroll, and Carolyn Cracraft.]
DarleneWhat is Brazil
$1,200
CarolynWhat is Brazil?
$1,200
TerryWhat is Brazil?
$100
Brazil

Final scores:

Terry Darlene Carolyn
$10,000 $2,400 $5,500
Automatic semifinalist 3rd place: $2,500 if eliminated 2nd place: $2,500 if eliminated

Game dynamics:

Coryat scores:

Terry Darlene Carolyn
$10,100 $2,700 $3,800
22 R
(including 1 DD),
2 W
9 R,
4 W
(including 1 DD)
16 R
(including 1 DD),
3 W

Combined Coryat: $16,600

The J! Archive is created by fans, for fans. The Jeopardy! game show and all elements thereof, including but not limited to copyright and trademark thereto, are the property of Jeopardy Productions, Inc. and are protected under law. This website is not affiliated with, sponsored by, or operated by Jeopardy Productions, Inc. Join the discussion at JBoard.tv.